Adobe AIR Programming

Na minha lista:
Detalhes bibliográficos
Main Authors: Young, Stancy Tyler (Author), Givens, Michael (Author), Gianninas, Dimitrios (Author)
Formato: Livro
Idioma:tcheco
Publicado em: Indianapolis : SAMS, 2009
Assuntos:
Tags: Adicionar Tag
Sem tags, seja o primeiro a adicionar uma tag!

MARC

LEADER 00000nam a22000003a 4500
001 stu181174
005 20150617225603.3
008 090309s2008----xxu-----------------cze-d
020 |a 978-0-672-32971-5 
040 |a STU  |b slo 
041 0 |a cze 
044 |a xxu 
080 |a 004.42 
100 1 |a Young, Stancy Tyler  |4 aut 
245 1 |a Adobe AIR Programming 
260 |a Indianapolis :  |b SAMS,  |c 2009 
300 |a 482 s 
650 7 |a webové stránky  |2 stusub 
650 7 |a webové aplikácie  |2 stusub 
650 7 |a webová grafika  |2 stusub 
650 7 |a počítačová animácia  |2 stusub 
650 7 |a interaktívna animácia  |2 stusub 
700 1 |a Givens, Michael  |4 aut 
700 1 |a Gianninas, Dimitrios  |4 aut 
996 |b 284EK87931  |c E*87931  |l EE30  |s P  |a 0  |w stu181174_0001